• 首页
  • 本馆介绍
  • 公告通知
  • 最新文献
  • 馆藏检索
  • 电子资源
  • 读者导购
  • 参考咨询
  • 我的图书馆
  • 登录
  • 详细信息显示
  • 放入我的书架
  • 预约/预借图书
  • 作者相关作品
  • 分类相关作品
  • 丛书相关作品
  • 出版社相关作品

书目信息

  • 表格格式
  • 工作单格式
  • 卡片格式
题名:
电子琴趣味教程
    
 
作者: 赵林 , 安智盛 编
分册:  
出版信息: 北京   中国青年出版社  1996
页数: 122页
开本: 26cm
丛书名:
单 册:
中图分类: J628.1
科图分类:
主题词: 器乐--理论 , 器乐--奏法 , 器乐--演奏
电子资源:
ISBN: 7-5006-1860-3
000 00672nam0 2200253 45
001 0197023615
005 20040513162732.9
010    @a7-5006-1860-3@dCNY16.00
100    @a19970804d1996 em y0chiy0121 ea
101 0  @achi
102    @aCN@b110000
105    @afg z 000yy
106    @ar
200 10 @a电子琴趣味教程@Adian zi qin qu wei jiao cheng@f赵林,安智盛编
210    @a北京@c中国青年出版社@d1996
215    @a122页@c插图@d26cm
606 0  @a器乐@x理论
606 0  @a器乐@x奏法
606 0  @a器乐@x演奏
690    @aJ628.1
701  0 @a赵林@Azhao lin@4编
701  0 @a安智盛@Aan zhi sheng@4编
801  0 @aCN@bNLC@c19970828
905    @f1@b74348@dJ628.1@e70
    
    电子琴趣味教程/赵林,安智盛编.-北京:中国青年出版社,1996
    122页:插图;26cm
    
    
    ISBN 7-5006-1860-3:CNY16.00
    
●
相关链接 在E读中查询图书 在五车中查询图书 在当当中查询图书 在豆瓣中查询图书


正题名:电子琴趣味教程     索取号:J628.1/70         预约/预借

序号 登录号 条形码 馆藏地/架位号 状态 备注
1 0074348   001205403   第一借阅区/ [索取号:J628.1/70] 在馆    
2 0274347   001205421   第一样本阅览室/ [索取号:J628.1/70] 在馆    
唐山师范学院图书馆 欢迎您!
大连网信软件有限公司© 版权所有